Statistics for Countries with 'The' in Their Names

Click here to take the quiz!

General Stats

  • This quiz has been taken 47 times
    (24 since last reset)
  • The average score is 3 of 6

Answer Stats

Country% Correct
Democratic Republic of the Congo
85%
The Gambia
85%
Republic of the Congo
80%
Saint Vincent and the Grenadines
50%
The Bahamas
25%
The Comoros
10%

Score Distribution

Percentile by Number Answered

Percent of People with Each Score

Your Score History

You have not taken this quiz since the last reset